European innovative timber and composite components project (Record no. 74090)

MARC details
000 -LEADER
fixed length control field 01011cab a2200205 4500
001 - CONTROL NUMBER
control field WB4004-02
008 - FIXED-LENGTH DATA ELEMENTS--GENERAL INFORMATION
fixed length control field 040129n2004 000 0 eng u
035 ## - SYSTEM CONTROL NUMBER
System control number (Sirsi) u124961
245 ## - TITLE STATEMENT
Title European innovative timber and composite components project
260 ## - PUBLICATION, DISTRIBUTION, ETC.
Date of publication, distribution, etc. 2004
490 ## - SERIES STATEMENT
Series statement BRE News Release
Volume/sequential designation 18 January 2004 (1)
520 ## - SUMMARY, ETC.
Summary, etc. A European Cooperation in Science and Technology four-year project has been set up to promote the use of innovative timber/composite elements and components. It will investigate aspects of their design, manufacture and construction, also fire safety, acoustic and thermal performance and environmental impacts and durability. Further information is available from http://www.enmadera.info/cost/E29. http://www.bre.co.uk/news.jsp?id=189
590 ## - LOCAL NOTE (RLIN)
Local note WB
650 ## - SUBJECT ADDED ENTRY--TOPICAL TERM
Topical term or geographic name entry element TIMBER
650 ## - SUBJECT ADDED ENTRY--TOPICAL TERM
Topical term or geographic name entry element COMPOSITES
650 ## - SUBJECT ADDED ENTRY--TOPICAL TERM
Topical term or geographic name entry element COMPOSITE BUILDING SYSTEMS
650 ## - SUBJECT ADDED ENTRY--TOPICAL TERM
Topical term or geographic name entry element EUROPEAN COOPERATION IN SCIENCE AND TECHNOLOGY
690 ## - LOCAL SUBJECT ADDED ENTRY--TOPICAL TERM (OCLC, RLIN)
Topical term or geographic name as entry element BUILT ENVIRONMENT-BUILDING MATERIALS
942 ## - ADDED ENTRY ELEMENTS (KOHA)
Suppress in OPAC 0
Holdings
Withdrawn status Lost status Source of classification or shelving scheme Damaged status Not for loan Home library Current library Shelving location Date acquired Total Checkouts Full call number Barcode Date last seen Copy number Price effective from Koha item type
    Dewey Decimal Classification     London London News article 29/01/2004   WB4004-02 124961-1001 06/08/2019 1 06/08/2019 News article